MAASAI MARA UNIVERSITY

LIBRARY CATALOGUE

Contact Us: +254 020 2685356/7 or 0774 057787

Box: 861-20500, NAROK, KENYA

Email: info@mmarau.ac.ke

The United States and the Far East; (Record no. 28896)

MARC details
000 -LEADER
fixed length control field nam a22 7a 4500
003 - CONTROL NUMBER IDENTIFIER
control field OSt
005 - DATE AND TIME OF LATEST TRANSACTION
control field 20170530215430.0
008 - FIXED-LENGTH DATA ELEMENTS--GENERAL INFORMATION
fixed length control field 170530b xxu||||| |||| 00| 0 eng d
040 ## - CATALOGING SOURCE
Original cataloging agency MMU
Transcribing agency MMU
Modifying agency MMU
Language of cataloging eng
042 ## - AUTHENTICATION CODE
Authentication code premarc
050 00 - LIBRARY OF CONGRESS CALL NUMBER
Classification number DS518.8
Item number .A856 1956
082 ## - DEWEY DECIMAL CLASSIFICATION NUMBER
Classification number 327.73095
110 2# - MAIN ENTRY--CORPORATE NAME
Corporate name or jurisdiction name as entry element American Assembly.
245 14 - TITLE STATEMENT
Title The United States and the Far East;
Remainder of title [background papers prepared for the use of participants and the Final report of the Tenth American Assembly, Arden House, Harriman Campus of Columbia University, Harriman, New York, November 15-18, 1956.
250 ## - EDITION STATEMENT
Edition statement Final ed.]
260 ## - PUBLICATION, DISTRIBUTION, ETC. (IMPRINT)
Place of publication, distribution, etc. New York,
Name of publisher, distributor, etc. American Assembly, Graduate School of Business, Columbia University,
Date of publication, distribution, etc. 1956.
300 ## - PHYSICAL DESCRIPTION
Extent 229 p.
Other physical details illus., maps.
Dimensions 23 cm.
505 0# - FORMATTED CONTENTS NOTE
Formatted contents note Introduction : the significance of the Far East / Willard L. Thorp -- The United States and Japan / Robert A. Scalapino -- The United States and Korea / Shannon McCune -- The United States and communist China / A. Doak Barnett -- The United States and Taiwan / Allen S. Whiting -- Conclusion : the broader perspective / Willard L. Thorp -- Appendix : note on diplomatic recognition of governments / Arthur H. Dean.
650 #0 - SUBJECT ADDED ENTRY--TOPICAL TERM
Topical term or geographic name as entry element Eastern question (Far East)
651 #0 - SUBJECT ADDED ENTRY--GEOGRAPHIC NAME
Geographic name United States
General subdivision Foreign relations
Geographic subdivision East Asia.
942 ## - ADDED ENTRY ELEMENTS (KOHA)
Source of classification or shelving scheme Library of Congress Classification
Koha item type L
Holdings
Withdrawn status Lost status Source of classification or shelving scheme Damaged status Not for loan Home library Current library Date acquired Source of acquisition Total Checkouts Full call number Barcode Date last seen Price effective from Koha item type
    Library of Congress Classification     Maasai Mara University Library -Main Campus Maasai Mara University Library -Main Campus 05/30/2017 Donation -T4C   DS18.8 .A856 1956 17034127 05/30/2017 05/30/2017 L
© 2016 Maasai Mara University.